<?xml version="1.0" encoding="UTF-8"?>
<record
    xmlns:xsi="http://www.w3.org/2001/XMLSchema-instance"
    xsi:schemaLocation="http://www.loc.gov/MARC21/slim http://www.loc.gov/standards/marcxml/schema/MARC21slim.xsd"
    xmlns="http://www.loc.gov/MARC21/slim">

  <leader>01323nam a2200301Ia 4500</leader>
  <controlfield tag="005">20220317001600.0</controlfield>
  <controlfield tag="008">161108s2008    s  ao  g      000 0 s    </controlfield>
  <datafield tag="020" ind1=" " ind2=" ">
    <subfield code="a">9788434232785</subfield>
  </datafield>
  <datafield tag="082" ind1="0" ind2="4">
    <subfield code="a">932.014</subfield>
    <subfield code="b">P13t</subfield>
  </datafield>
  <datafield tag="100" ind1="1" ind2=" ">
    <subfield code="a">Pag&#xE8;s Campam&#xE0;, Oriol</subfield>
  </datafield>
  <datafield tag="245" ind1="1" ind2="0">
    <subfield code="a">Tutankam&#xF3;n</subfield>
    <subfield code="c">texto:Pag&#xE8;s Campam&#xE0;, Oriol ; ilustraciones: Christian Inaraja</subfield>
  </datafield>
  <datafield tag="250" ind1=" " ind2=" ">
    <subfield code="a">Primera edici&#xF3;n</subfield>
  </datafield>
  <datafield tag="300" ind1=" " ind2=" ">
    <subfield code="a">64 p&#xE1;ginas</subfield>
    <subfield code="b">ilustraciones, fotograf&#xED;as a color</subfield>
    <subfield code="c">27 cm</subfield>
    <subfield code="e">1 plegable</subfield>
  </datafield>
  <datafield tag="490" ind1=" " ind2=" ">
    <subfield code="a">Yo...</subfield>
  </datafield>
  <datafield tag="500" ind1=" " ind2=" ">
    <subfield code="a">Incluye cronolog&#xED;a</subfield>
  </datafield>
  <datafield tag="500" ind1=" " ind2=" ">
    <subfield code="a">Incluye plegable y separador</subfield>
  </datafield>
  <datafield tag="520" ind1=" " ind2=" ">
    <subfield code="a">"Yo... Tutankam&#xF3;n es un volumen de una original colecci&#xF3;n de autobiograf&#xED;as en la que personajes de relieve universal comparten sus vivencias con los j&#xF3;venes lectores. Su vida, sus valores y su &#xE9;poca se recrean especialmente a trav&#xE9;s de atractivas ilustraciones y fotograf&#xED;as."</subfield>
  </datafield>
  <datafield tag="521" ind1=" " ind2=" ">
    <subfield code="a">Recomendado para ni&#xF1;os a partir de 9 a&#xF1;os</subfield>
  </datafield>
  <datafield tag="600" ind1="1" ind2="4">
    <subfield code="a">Tutankam&#xF3;n</subfield>
    <subfield code="c">Rey de Egipto</subfield>
    <subfield code="d">Siglo XIV a.C.</subfield>
    <subfield code="v">Autobiograf&#xED;as</subfield>
    <subfield code="9">100526</subfield>
  </datafield>
  <datafield tag="650" ind1="1" ind2="4">
    <subfield code="2">LEMB</subfield>
    <subfield code="a">Faraones</subfield>
    <subfield code="z">Egipto</subfield>
  </datafield>
  <datafield tag="700" ind1="1" ind2=" ">
    <subfield code="a">Inaraja, Christian</subfield>
    <subfield code="e">ilustrador</subfield>
    <subfield code="9">100528</subfield>
  </datafield>
  <datafield tag="942" ind1=" " ind2=" ">
    <subfield code="2">ddc</subfield>
    <subfield code="c">BK</subfield>
  </datafield>
  <datafield tag="264" ind1=" " ind2=" ">
    <subfield code="a">Barcelona</subfield>
    <subfield code="b">Parram&#xF3;n</subfield>
    <subfield code="c">2008</subfield>
  </datafield>
  <datafield tag="336" ind1=" " ind2=" ">
    <subfield code="a">texto</subfield>
    <subfield code="b">txt</subfield>
    <subfield code="2">rdacontent</subfield>
  </datafield>
  <datafield tag="337" ind1=" " ind2=" ">
    <subfield code="a">sin mediaci&#xF3;n</subfield>
    <subfield code="b">n</subfield>
    <subfield code="2">rdamedia</subfield>
  </datafield>
  <datafield tag="338" ind1=" " ind2=" ">
    <subfield code="a">volumen</subfield>
    <subfield code="b">nc</subfield>
    <subfield code="2">rdacarrier</subfield>
  </datafield>
  <datafield tag="040" ind1=" " ind2=" ">
    <subfield code="a">CO-BoRNBP</subfield>
    <subfield code="b">spa</subfield>
    <subfield code="e">rda</subfield>
    <subfield code="c">CO-BoRNBP</subfield>
  </datafield>
  <datafield tag="999" ind1=" " ind2=" ">
    <subfield code="c">7434</subfield>
    <subfield code="d">7434</subfield>
  </datafield>
  <datafield tag="952" ind1=" " ind2=" ">
    <subfield code="0">0</subfield>
    <subfield code="1">0</subfield>
    <subfield code="2">ddc</subfield>
    <subfield code="4">0</subfield>
    <subfield code="7">0</subfield>
    <subfield code="8">GEN</subfield>
    <subfield code="a">MECASARI</subfield>
    <subfield code="b">MECASARI</subfield>
    <subfield code="c">REF</subfield>
    <subfield code="d">2024-11-11</subfield>
    <subfield code="l">0</subfield>
    <subfield code="o">923.1 - R23Y Ej.1</subfield>
    <subfield code="p">BM00414</subfield>
    <subfield code="r">2024-11-11 12:07:55</subfield>
    <subfield code="t">Ej.1</subfield>
    <subfield code="w">2024-11-11</subfield>
    <subfield code="y">BK</subfield>
  </datafield>
</record>
